Biosynthetic pathways in higher plants proceedings of the plant phenolics group symposium leeds April 1964 (Record no. 350058)
[ view plain ]
| 000 -LEADER | |
|---|---|
| fixed length control field | 003900000a22001450004500 |
| 060 ## - NATIONAL LIBRARY OF MEDICINE CALL NUMBER | |
| Classification number | 100 |
| 082 ## - DEWEY DECIMAL CLASSIFICATION NUMBER | |
| Classification number | 582.130 419 29 PRI;1 |
| 100 ## - MAIN ENTRY--PERSONAL NAME | |
| Personal name | Pridham, J B |
| 100 ## - MAIN ENTRY--PERSONAL NAME | |
| Personal name | Swain, T |
| 245 ## - TITLE STATEMENT | |
| Title | Biosynthetic pathways in higher plants proceedings of the plant phenolics group symposium leeds April 1964 |
| 260 ## - PUBLICATION, DISTRIBUTION, ETC. (IMPRINT) | |
| Place of publication, distribution, etc. | London, Academic press |
| 260 ## - PUBLICATION, DISTRIBUTION, ETC. (IMPRINT) | |
| Date of publication, distribution, etc. | 1965 |
| 300 ## - PHYSICAL DESCRIPTION | |
| Extent | 212 |
| 942 ## - ADDED ENTRY ELEMENTS (KOHA) | |
| Koha item type | Books (General) |
| Withdrawn status | Lost status | Damaged status | Not for loan | Home library | Current library | Date acquired | Total Checkouts | Full call number | Barcode | Date last seen | Price effective from | Koha item type |
|---|---|---|---|---|---|---|---|---|---|---|---|---|
| College of Agriculture, Vellayani | College of Agriculture, Vellayani | 02/05/2014 | 582.130 419 29 PRI;1 | KAU_COAV-6083 | 02/05/2014 | 02/05/2014 | Books (General) |
